| 000 | 00990nam a22002417a 4500 | ||
|---|---|---|---|
| 005 | 20100320113220.0 | ||
| 008 | 100320t xxu||||| |||| 00| 0 eng d | ||
| 010 | _aB-379404 | ||
| 020 |
_a9781846814617 _c495.00 |
||
| 035 | _aB-379404 | ||
| 037 | _bPansy Books | ||
| 040 |
_adpl _bEnglish |
||
| 082 | _a634 | ||
| 100 | _aBird, Richard | ||
| 245 |
_aThe practical guide to growing vegetables fruits & herbs: _ba complete how-to handbook for...800 clear illustrations / _cby Richard Bird |
||
| 260 |
_aLondon _bHermes House _c2009 |
||
| 270 |
_a88-89, Blackfriars Road, _bLondon |
||
| 300 |
_a256p.: _bcol. photos _c24cm(pbk) |
||
| 500 | _aIncludes index | ||
| 942 |
_2ddc _cEN _mBIR _h634 |
||
| 999 |
_c34804 _d34804 |
||